00251nam a2200109Ia 4500008004100000100001900041245003300060260001000093260000900103546001200112999001700124170619s9999 xx 000 0 und d aSrivastava R K 0acomputer aided manufacturing bUMESH c2008 aENGLISH c18674d18674